La actuación del perito designado de oficio desde la inscripción hasta la aceptación del cargo. Inconvenientes que pueden presentarse. Propuestas de solución (Registro nro. 11436)

Detalles MARC
000 -LEADER
fixed length control field 00428 a2200109 4500
001 - CONTROL NUMBER
control field ART_6551
005 - DATE AND TIME OF LATEST TRANSACTION
control field 20260410161620.0
008 - FIXED-LENGTH DATA ELEMENTS--GENERAL INFORMATION
fixed length control field 260409a
100 1# - MAIN ENTRY--PERSONAL NAME
Personal name Rodríguez, Raquel E.
245 10 - TITLE STATEMENT
Title La actuación del perito designado de oficio desde la inscripción hasta la aceptación del cargo. Inconvenientes que pueden presentarse. Propuestas de solución
773 0# - HOST ITEM ENTRY
Title Enfoques
Related parts - Nº 7 (jul. 2009)
Record control number REV416

No hay ítems disponibles.